[Event "AUT9798"]
[Site "Eichgraben"]
[Date "1997.11.08"]
[Round "4"]
[White "Schroll, G."]
[Black "Plank, F."]
[Result "1/2-1/2"]
[WhiteElo "2375"]
[BlackElo "2245"]
[PlyCount "115"]
[EventDate "1997.11.09"]

1. e4 d5 2. exd5 Qxd5 3. Nc3 Qa5 4. d4 Nf6 5. Nf3 Ne4 6. Bd3 Nxc3 7. Qd2 g6 8.
bxc3 Bg7 9. O-O c5 10. Qe3 cxd4 11. cxd4 Nc6 12. Qf4 O-O 13. Qh4 Bf5 14. Bd2
Qd5 15. c4 Qd7 16. Bxf5 Qxf5 17. Rad1 e6 18. Bg5 f6 19. Be3 Rfd8 20. Nd2 b6 21.
Nb3 Ne7 22. Rd2 Rac8 23. Rc1 g5 24. Qh5 Qe4 25. Qd1 h6 26. Re2 Qc6 27. f3 Qa4
28. Qd3 Qc6 29. Bf2 Qd7 30. Qe4 Kf7 31. Qd3 Nc6 32. a3 Ne5 33. Qe4 Nxc4 34.
Rce1 Re8 35. Qg4 Qd5 36. Qh5+ Kf8 37. h4 Nd6 38. Nd2 Qf5 39. Ne4 Nxe4 40. fxe4
Qh7 41. Bg3 Kg8 42. Bd6 Bf8 43. Bxf8 Rxf8 44. e5 Qg7 45. exf6 Rxf6 46. hxg5
Qxg5 47. Qh3 Qf5 48. Qxf5 exf5 49. d5 Rd8 50. Re7 Rxd5 51. Rxa7 Rf7 52. Ra6 Rd6
53. a4 Rd2 54. Rf1 Rg7 55. Rf2 Rxf2 56. Kxf2 Rg4 57. Rxb6 Rxa4 58. Rxh6 1/2-1/2

[Event "AUT9798"]
[Site "Eichgraben"]
[Date "1997.??.??"]
[Round "4"]
[White "Schneider_Zinner, H."]
[Black "Neulinger, M."]
[Result "0-1"]
[WhiteElo "2290"]
[BlackElo "2295"]
[PlyCount "78"]
[EventDate "1997.11.09"]

1. d4 Nf6 2. Nf3 g6 3. c4 Bg7 4. Nc3 d6 5. e4 O-O 6. Be2 Bg4 7. Be3 Nbd7 8. Nd2
Bxe2 9. Qxe2 c5 10. d5 e6 11. O-O exd5 12. cxd5 Re8 13. f3 a6 14. a4 b6 15. Nc4
Ne5 16. Nxe5 Rxe5 17. Rab1 Re8 18. Qd3 Nd7 19. Bf2 Ne5 20. Qc2 Qd7 21. Rfe1 b5
22. f4 Ng4 23. Bg3 Bd4+ 24. Kh1 b4 25. h3 Nf6 26. Nd1 b3 27. Qd3 Qxa4 28. Nc3
Bxc3 29. bxc3 Rxe4 30. f5 Rae8 31. fxg6 Rxe1+ 32. Bxe1 hxg6 33. c4 Qa2 34. Bh4
Re3 35. Qf1 Ne4 36. Ra1 Qe2 37. Qf4 b2 38. Rf1 Qxf1+ 39. Qxf1 Nd2 0-1

[Event "AUT9798"]
[Site "Eichgraben"]
[Date "1997.??.??"]
[Round "4"]
[White "Posch, W."]
[Black "Stuhlik, M."]
[Result "1-0"]
[WhiteElo "2230"]
[BlackElo "2245"]
[PlyCount "153"]
[EventDate "1997.11.09"]

1. e4 d6 2. Nc3 c6 3. g3 g6 4. Bg2 Bg7 5. Nge2 Nf6 6. d4 O-O 7. O-O Nbd7 8. h3
Qc7 9. Be3 e5 10. f4 b5 11. a3 a6 12. fxe5 dxe5 13. d5 c5 14. Qd2 Ne8 15. g4
Nd6 16. b3 f6 17. Ng3 Bb7 18. Rf2 Rf7 19. Raf1 Raf8 20. Kh1 a5 21. Rg1 Nb6 22.
Bf1 c4 23. b4 axb4 24. axb4 Nd7 25. Bg2 Ra8 26. Rff1 Rff8 27. Ra1 Rfc8 28. Qf2
Bf8 29. Rxa8 Rxa8 30. Bc5 Qc8 31. Rb1 Ba6 32. h4 Nf7 33. Be3 Bh6 34. Bxh6 Nxh6
35. Bh3 Qd8 36. g5 Nf7 37. Rf1 Qe7 38. Be6 Rf8 39. Qa7 Bc8 40. Rxf6 Qxb4 41.
Rf3 Qc5 42. Rxf7 Rxf7 43. Qxc5 Nxc5 44. Bxf7+ Kxf7 45. Nxb5 Ke7 46. Kg2 Ba6 47.
Nc3 Nb7 48. Kf3 Nd6 49. Nf1 Nf7 50. Ne3 h6 51. gxh6 Nxh6 52. Na4 Nf7 53. Nc5
Bb5 54. Ne6 Bd7 55. Nxc4 Bxe6 56. dxe6 Kxe6 57. Ne3 Nd6 58. Ng4 Nb7 59. Nf2 Nd6
60. Ke3 Nf7 61. Kd3 Kd6 62. Kc4 Kc6 63. Kb4 Nd8 64. Nd3 Nf7 65. Nf2 Nd8 66. Ng4
Kd6 67. Kb5 Nc6 68. c3 Nd8 69. c4 Ne6 70. Kb6 Nc5 71. Nxe5 Na4+ 72. Ka5 Nc3 73.
Nxg6 Kc5 74. e5 Kxc4 75. e6 Nd5 76. e7 Nf6 77. h5 1-0

[Event "AUT9798"]
[Site "Eichgraben"]
[Date "1997.??.??"]
[Round "4"]
[White "Hadjieff, D."]
[Black "Wiedner, R."]
[Result "1-0"]
[WhiteElo "2240"]
[BlackElo "2175"]
[PlyCount "87"]
[EventDate "1997.11.09"]

1. Nf3 b6 2. e4 e6 3. d3 Nf6 4. g3 d5 5. e5 Nfd7 6. Bg2 Be7 7. h4 h6 8. Bf4 Na6
9. a3 Bb7 10. Nbd2 c6 11. Qe2 Nc7 12. Nf1 a5 13. b3 Nb5 14. Bc1 Qc7 15. c4 Na7
16. Bf4 b5 17. N1d2 Ba6 18. h5 bxc4 19. bxc4 Rb8 20. O-O Rb2 21. Rfc1 Qb8 22.
Nh2 Nc5 23. Qe3 Nb3 24. Nxb3 Rxb3 25. cxd5 cxd5 26. Qe1 Bxd3 27. Qxa5 O-O 28.
Ng4 Nb5 29. Qd2 Nd4 30. Kh1 Ne2 31. Bxh6 Nxc1 32. Bxg7 f6 33. Bxf6 Bxf6 34.
exf6 Kf7 35. Qg5 Ke8 36. Rxc1 Rb1 37. Rxb1 Qxb1+ 38. Kh2 Qb2 39. Qe3 Qe2 40.
Qc5 Rxf6 41. Nxf6+ Kf7 42. Nd7 Qxh5+ 43. Bh3 Qh8 44. Qf8+ 1-0

[Event "AUT9798"]
[Site "Eichgraben"]
[Date "1997.??.??"]
[Round "4"]
[White "Dizdar, G."]
[Black "Pinter, J."]
[Result "1/2-1/2"]
[WhiteElo "2505"]
[BlackElo "2565"]
[PlyCount "53"]
[EventDate "1997.11.09"]

1. d4 Nf6 2. Nf3 e6 3. c4 d5 4. Bg5 dxc4 5. e4 b5 6. a4 c6 7. Nc3 Bb7 8. axb5
cxb5 9. Nxb5 Bxe4 10. Qa4 Nc6 11. Ne5 Bb4+ 12. Nc3 Rc8 13. f3 Bd5 14. Nxc6
Bxc3+ 15. bxc3 Bxc6 16. Qa3 h6 17. Bxf6 gxf6 18. Bxc4 Rc7 19. Rb1 Bd7 20. Ba6
Rg8 21. O-O Rg5 22. Rb2 Rc6 23. Bb5 Rc7 24. Bxd7+ Rxd7 25. Rfb1 Ra5 26. Qb4 Qc7
27. Qb3 1/2-1/2

[Event "AUT9798"]
[Site "Eichgraben"]
[Date "1997.??.??"]
[Round "4"]
[White "Nielsen, P.H."]
[Black "Duer, A."]
[Result "1-0"]
[WhiteElo "2515"]
[BlackElo "2395"]
[PlyCount "115"]
[EventDate "1997.11.09"]

1. e4 e6 2. d3 d5 3. Qe2 dxe4 4. dxe4 e5 5. Nf3 Nc6 6. g3 Nf6 7. Bg2 Bc5 8. O-O
O-O 9. c3 a5 10. Nh4 Re8 11. Nd2 b6 12. Nc4 Ba6 13. Nf5 g6 14. Nh6+ Kg7 15. Bg5
Qd7 16. Qf3 Qe6 17. Bh3 Bxc4 18. Bxe6 Rxe6 19. Rfd1 Rf8 20. b3 Ba6 21. Rd2 Bc8
22. Rad1 Be7 23. Be3 Nd8 24. Ng4 Ng8 25. h4 f5 26. exf5 gxf5 27. Nxe5 Rxe5 28.
Bd4 Nf7 29. Bxe5+ Nxe5 30. Qf4 Bd6 31. Rxd6 cxd6 32. Rxd6 Re8 33. Rxb6 Bd7 34.
Rd6 Bc6 35. Kf1 Be4 36. Rd8 Re6 37. Qg5+ Rg6 38. Qe3 Re6 39. Qd4 Nf6 40. Rd6
Kf7 41. Rxe6 Kxe6 42. Qb6+ Nc6 43. b4 axb4 44. cxb4 Nd7 45. Qe3 Nce5 46. a4 Kd5
47. b5 Nc4 48. Qa7 Nde5 49. b6 Bd3+ 50. Kg2 Be4+ 51. Kh3 Nf3 52. Qa8+ Kd6 53.
b7 Ng1+ 54. Kh2 Nf3+ 55. Kg2 Ng5+ 56. Kf1 Bd3+ 57. Kg1 Nf3+ 58. Kh1 1-0

[Event "AUT9798"]
[Site "Eichgraben"]
[Date "1997.11.08"]
[Round "4"]
[White "Duer, W."]
[Black "Baumegger, S."]
[Result "1/2-1/2"]
[WhiteElo "2260"]
[BlackElo "2465"]
[PlyCount "126"]
[EventDate "1997.11.09"]

1. d4 e6 2. Nf3 c5 3. g3 Nc6 4. Bg2 cxd4 5. Nxd4 Bc5 6. Nb3 Be7 7. O-O Nf6 8.
c4 d5 9. cxd5 exd5 10. Nc3 Be6 11. Be3 O-O 12. Rc1 Re8 13. Nb5 Qd7 14. N5d4 Bh3
15. Nxc6 bxc6 16. Bc5 Bxg2 17. Kxg2 Rab8 18. Rc2 Ne4 19. Bxe7 Rxe7 20. Qd4 Rb6
21. Nc5 Qf5 22. Nxe4 Rxe4 23. Qd3 Qe6 24. Rfc1 h5 25. h3 f5 26. Qf3 h4 27. e3
hxg3 28. Qxg3 Qf6 29. b3 d4 30. exd4 Qxd4 31. Rc5 f4 32. Qf3 Re6 33. Rg5 c5 34.
Rcxc5 Rg6 35. Qd5+ Qxd5+ 36. Rcxd5 Rge6 37. Rd2 Rf6 38. Kf3 Rbc6 39. Rd3 Rc2
40. a3 Ra2 41. Ra5 a6 42. h4 Kh7 43. Rd7 Rb2 44. Rh5+ Rh6 45. Rxh6+ Kxh6 46.
Kxf4 Rxb3 47. Rd6+ Kh5 48. Rxa6 Kxh4 49. f3 Kh5 50. Ke4 Rb1 51. f4 Re1+ 52. Kf5
Rc1 53. Ra5 Kh6 54. a4 Ra1 55. Ke6 g6 56. Ra6 Rf1 57. Ke5 Kg7 58. Ra7+ Kh6 59.
a5 Re1+ 60. Kd4 Rf1 61. Ke3 Ra1 62. a6 Ra4 63. Ra8 Kg7 1/2-1/2

[Event "AUT9798"]
[Site "Eichgraben"]
[Date "1997.??.??"]
[Round "4"]
[White "Freitag, M."]
[Black "Gerhold, M."]
[Result "0-1"]
[WhiteElo "2345"]
[BlackElo "2230"]
[PlyCount "64"]
[EventDate "1997.11.09"]

1. e4 c5 2. Nf3 d6 3. d4 cxd4 4. Nxd4 Nf6 5. Nc3 Nc6 6. Bg5 e6 7. Qd2 a6 8.
O-O-O h6 9. Be3 Be7 10. f4 Nxd4 11. Bxd4 b5 12. Qe3 Bb7 13. Bxf6 Bxf6 14. e5
Be7 15. exd6 Bxd6 16. Ne4 Bxe4 17. Qxe4 O-O 18. Bd3 g6 19. h4 Qf6 20. Rdf1 h5
21. g4 hxg4 22. h5 Kg7 23. hxg6 fxg6 24. Rhg1 Bxf4+ 25. Kb1 Qg5 26. Rxf4 Rxf4
27. Qxa8 g3 28. Qxa6 Rh4 29. Qxb5 Qe3 30. Qb7+ Kh6 31. Rc1 Qf2 32. Rf1 g2 0-1

[Event "AUT9798"]
[Site "Eichgraben"]
[Date "1997.11.08"]
[Round "4"]
[White "Fischler, W."]
[Black "Postl, A."]
[Result "1/2-1/2"]
[WhiteElo "2105"]
[BlackElo "2275"]
[PlyCount "111"]
[EventDate "1997.11.09"]

1. e4 c5 2. Nf3 d6 3. d4 cxd4 4. Nxd4 Nf6 5. Nc3 a6 6. Bg5 Nbd7 7. f4 Qb6 8.
Qd2 Nc5 9. Bxf6 gxf6 10. O-O-O e6 11. Be2 Qa5 12. Kb1 Bd7 13. Bh5 Be7 14. f5 e5
15. Nb3 Nxb3 16. axb3 h6 17. Qe3 Bc6 18. Qg3 Bf8 19. Qh4 Qd8 20. Rd2 Rg8 21.
Rhd1 Rg5 22. Qh3 Qc7 23. Be2 O-O-O 24. Bc4 Kb8 25. Qe3 b5 26. Bd5 Be8 27. Qe2
Rc8 28. Na2 Qb6 29. Nc1 Be7 30. b4 Bd8 31. Nb3 Qa7 32. Rd3 h5 33. Rh3 Bc6 34.
Bxc6 Rxc6 35. Rhd3 Bc7 36. Nd2 Qb7 37. Nf3 Rg4 38. h3 Rg8 39. Nh4 Rc4 40. Qxh5
Qxe4 41. b3 Rd4 42. Qxf7 Rg3 43. Nf3 Rxd3 44. Rxd3 Qxf5 45. Qd5 Rxg2 46. Kb2
Rf2 47. Rc3 Qc8 48. Ne1 Qb7 49. Qg8+ Ka7 50. Nd3 Rg2 51. Qf8 Bb6 52. Rc8 Bd4+
53. Ka2 Bb6 54. Kb2 Bd4+ 55. Ka2 Bb6 56. Kb2 1/2-1/2

[Event "AUT9798"]
[Site "Eichgraben"]
[Date "1997.??.??"]
[Round "4"]
[White "Thallinger, G."]
[Black "Pilz, D."]
[Result "0-1"]
[WhiteElo "2190"]
[BlackElo "2225"]
[PlyCount "84"]
[EventDate "1997.11.09"]

1. e4 c5 2. Nc3 Nc6 3. g3 g6 4. Bg2 Bg7 5. d3 d6 6. Nge2 Bg4 7. h3 Bd7 8. O-O
h5 9. Rb1 Qc8 10. Kh2 Nf6 11. Nf4 h4 12. g4 e5 13. Nfd5 Nxd5 14. Nxd5 Be6 15.
Bg5 Bxd5 16. exd5 Ne7 17. f4 Qd7 18. fxe5 Bxe5+ 19. Kh1 f5 20. c3 O-O-O 21. d4
cxd4 22. c4 Rde8 23. b4 Kb8 24. c5 fxg4 25. c6 Qc8 26. hxg4 h3 27. Be4 bxc6 28.
dxc6 d5 29. Bf3 Qxc6 30. b5 Qc4 31. b6 Qxa2 32. bxa7+ Ka8 33. Bd2 Rhf8 34. Qe2
Rxf3 35. Qxf3 Qxd2 36. Rf2 Qe3 37. Rb3 Qe1+ 38. Rf1 Qe4 39. Rf2 Nc6 40. Rb6
Qxf3+ 41. Rxf3 h2 42. Rh3 Rf8 0-1

[Event "AUT9798"]
[Site "Eichgraben"]
[Date "1997.??.??"]
[Round "4"]
[White "Stanec, N."]
[Black "Schlosser, M."]
[Result "1/2-1/2"]
[WhiteElo "2465"]
[BlackElo "2330"]
[PlyCount "29"]
[EventDate "1997.11.09"]

1. e4 c5 2. Nf3 e6 3. d4 cxd4 4. Nxd4 a6 5. Bd3 Nf6 6. O-O d6 7. Kh1 g6 8. f4
Bg7 9. Nd2 Nbd7 10. c3 Qc7 11. Bc2 b6 12. N4f3 Bb7 13. Qe1 O-O 14. Qh4 Rae8 15.
Re1 1/2-1/2

[Event "AUT9798"]
[Site "Eichgraben"]
[Date "1997.??.??"]
[Round "4"]
[White "Danner, G."]
[Black "Felsberger, A."]
[Result "1/2-1/2"]
[WhiteElo "2370"]
[BlackElo "2365"]
[PlyCount "32"]
[EventDate "1997.11.09"]

1. d4 Nf6 2. Nf3 e6 3. e3 b6 4. Bd3 Bb7 5. O-O c5 6. c4 Be7 7. Nc3 a6 8. b3
cxd4 9. exd4 d5 10. Bb2 O-O 11. Re1 Nc6 12. cxd5 exd5 13. Rc1 Bb4 14. a3 Bxc3
15. Rxc3 Re8 16. Ne5 Ne7 1/2-1/2

[Event "AUT9798"]
[Site "Eichgraben"]
[Date "1997.??.??"]
[Round "4"]
[White "Watzka, H."]
[Black "Schwarz, M."]
[Result "1/2-1/2"]
[WhiteElo "2370"]
[BlackElo "2400"]
[PlyCount "24"]
[EventDate "1997.11.09"]

1. e4 c5 2. Nf3 d6 3. c3 Nf6 4. Be2 g6 5. O-O Bg7 6. Bb5+ Bd7 7. Bxd7+ Qxd7 8.
Re1 O-O 9. d4 cxd4 10. cxd4 d5 11. e5 Ne4 12. Nbd2 Nxd2 1/2-1/2

[Event "AUT9798"]
[Site "Eichgraben"]
[Date "1997.??.??"]
[Round "4"]
[White "Detter, P."]
[Black "Kotz, H.P."]
[Result "1/2-1/2"]
[WhiteElo "2090"]
[BlackElo "2255"]
[PlyCount "23"]
[EventDate "1997.11.09"]

1. d4 Nf6 2. Nf3 g6 3. Bg5 Bg7 4. Nbd2 O-O 5. c3 d6 6. e4 Qe8 7. Bd3 e5 8. O-O
h6 9. Bh4 Nh5 10. dxe5 dxe5 11. Ne1 Nd7 12. Bc4 1/2-1/2

[Event "AUT9798"]
[Site "Eichgraben"]
[Date "1997.??.??"]
[Round "4"]
[White "Moser, G."]
[Black "Blatny, F."]
[Result "1/2-1/2"]
[WhiteElo "2305"]
[BlackElo "2280"]
[PlyCount "30"]
[EventDate "1997.11.09"]

1. d4 Nf6 2. Bg5 d6 3. Bxf6 exf6 4. e3 g6 5. Bd3 f5 6. Ne2 Bg7 7. c3 Nd7 8. Nd2
Nf6 9. Qc2 Bd7 10. O-O-O d5 11. f3 O-O 12. Rde1 Qe8 13. Nf4 b6 14. Qb3 c6 15.
g3 a5 1/2-1/2

[Event "AUT9798"]
[Site "Eichgraben"]
[Date "1997.??.??"]
[Round "4"]
[White "Penz, H."]
[Black "Casagrande, H."]
[Result "1-0"]
[WhiteElo "2315"]
[BlackElo "2330"]
[PlyCount "69"]
[EventDate "1997.11.09"]

1. e4 d5 2. exd5 Qxd5 3. Nc3 Qa5 4. d4 Nf6 5. Nf3 Bg4 6. h3 Bxf3 7. Qxf3 c6 8.
Bd3 e6 9. O-O Bd6 10. Bd2 Qc7 11. Ne4 Nxe4 12. Qxe4 Nd7 13. c4 Nf6 14. Qe2 Bh2+
15. Kh1 Bf4 16. Bc3 Rd8 17. Rad1 a6 18. Rfe1 Bd6 19. g3 Rd7 20. Kg2 h5 21. h4
Be7 22. Bc2 Ng4 23. d5 O-O 24. Qe4 g6 25. dxe6 Rxd1 26. Bxd1 f5 27. Qd4 Nf6 28.
Qd2 Kg7 29. Bxh5 gxh5 30. Qg5+ Kh8 31. Qxh5+ Kg8 32. Qg6+ Kh8 33. Re5 Bb4 34.
e7 Bxe7 35. Rxf5 1-0

[Event "AUT9798"]
[Site "Eichgraben"]
[Date "1997.11.08"]
[Round "4"]
[White "Roth, P."]
[Black "Dueckstein, A."]
[Result "1-0"]
[WhiteElo "2265"]
[BlackElo "2335"]
[PlyCount "61"]
[EventDate "1997.11.09"]

1. e4 e5 2. Nf3 Nc6 3. Bb5 Bc5 4. O-O Nd4 5. b4 Bb6 6. Nxd4 Bxd4 7. c3 Bb6 8.
a4 c6 9. Bc4 Nf6 10. Qe2 O-O 11. a5 Bc7 12. d3 d5 13. Bb3 Be6 14. Bc2 h6 15. h3
b6 16. axb6 axb6 17. Rxa8 Qxa8 18. f4 dxe4 19. fxe5 exd3 20. Bxd3 Nd7 21. Qe4
g6 22. Bxh6 Re8 23. Qf3 Bxe5 24. Be4 Nb8 25. b5 Bc4 26. Bd3 Bd5 27. Qg4 Kh7 28.
Qh4 Kg8 29. Qg4 Kh7 30. Bd2 Qb7 31. Qh5+ 1-0

[Event "AUT9798"]
[Site "Eichgraben"]
[Date "1997.11.08"]
[Round "4"]
[White "Tscholowitsch, C."]
[Black "Janetschek, K."]
[Result "1/2-1/2"]
[WhiteElo "2175"]
[BlackElo "2280"]
[PlyCount "159"]
[EventDate "1997.11.09"]

1. d4 e6 2. g3 c5 3. Nf3 Nf6 4. Bg2 Be7 5. O-O O-O 6. c4 cxd4 7. Nxd4 Nc6 8.
Nc3 a6 9. e4 Qc7 10. b3 Rb8 11. Be3 b6 12. Qe2 Bb7 13. Rad1 d6 14. f4 Rfe8 15.
g4 g6 16. g5 Nh5 17. Qg4 Bf8 18. Nce2 Bg7 19. Bf3 Nxd4 20. Nxd4 Bxd4 21. Bxd4
e5 22. fxe5 dxe5 23. Be3 Rbd8 24. Bg2 Bc6 25. Qf3 Qb7 26. Qf2 b5 27. cxb5 Bxb5
28. Rfe1 Rd3 29. Rxd3 Bxd3 30. Bf3 Ng7 31. Bd2 Ne6 32. Bc3 Nxg5 33. Qe3 Nh3+
34. Kh1 Qe7 35. Bg2 Nf4 36. Rd1 Bb5 37. Re1 Qg5 38. Qg3 Qxg3 39. hxg3 Nxg2 40.
Kxg2 Bc6 41. Kf3 f5 42. Rd1 Bxe4+ 43. Ke3 Re6 44. Rd7 Bb1 45. a3 g5 46. b4 h5
47. Rd5 f4+ 48. Kf2 Be4 49. Rxe5 fxg3+ 50. Kxg3 Rxe5 51. Bxe5 Kf7 52. a4 Bc6
53. b5 Bxb5 54. a5 Ke6 55. Bc3 Kf5 56. Be1 h4+ 57. Kh2 Ke4 58. Bd2 g4 59. Be1
g3+ 60. Bxg3 hxg3+ 61. Kxg3 Ke3 62. Kg2 Ke2 63. Kg1 Bc6 64. Kh2 Kf2 65. Kh3 Bf3
66. Kh2 Bb7 67. Kh3 Kg1 68. Kg3 Bg2 69. Kf4 Kf2 70. Kg4 Bf1 71. Kf4 Bb5 72. Ke4
Ke2 73. Kf4 Bc6 74. Kg3 Bb7 75. Kf4 Kf2 76. Kg4 Bg2 77. Kf4 Bf3 78. Kg5 Bb7 79.
Kg4 Bc8+ 80. Kf4 1/2-1/2

[Event "AUT9798"]
[Site "Eichgraben"]
[Date "1997.??.??"]
[Round "4"]
[White "Zoebisch, H."]
[Black "Doppelhammer, H."]
[Result "1/2-1/2"]
[WhiteElo "2245"]
[BlackElo "2000"]
[PlyCount "125"]
[EventDate "1997.11.09"]

1. d4 d5 2. c4 e6 3. Nc3 c6 4. Nf3 Nf6 5. e3 Nbd7 6. Bd3 Bd6 7. e4 dxe4 8. Nxe4
Nxe4 9. Bxe4 Nf6 10. Bc2 Bb4+ 11. Bd2 Qa5 12. O-O Bxd2 13. Nxd2 O-O 14. c5 Rd8
15. Nc4 Qc7 16. Nd6 Bd7 17. Qd3 Be8 18. a3 g6 19. Rfe1 Kg7 20. Rad1 Nd5 21. g3
Qe7 22. h4 h5 23. Nc4 Rd7 24. Nd6 Rad8 25. Re5 Nf6 26. Rde1 Rxd6 27. cxd6 Qxd6
28. Rd1 Ng8 29. Qe2 Nh6 30. Re3 Ng4 31. Rc3 Qb8 32. Be4 Rd6 33. Bf3 Nf6 34. Qe5
Qd8 35. Rb3 b6 36. Rbd3 Kf8 37. Qe3 Kg7 38. b4 Nd5 39. Qe5+ f6 40. Qe1 Bf7 41.
Rc1 Ne7 42. Rdc3 Nf5 43. Bxc6 Nxd4 44. Bg2 Rd7 45. Rc8 Qe7 46. Qe3 e5 47. Kh2
b5 48. R1c5 Qd6 49. Qe4 Be6 50. Qa8 f5 51. Qb8 Qxb8 52. Rxb8 e4 53. Rbc8 Kf6
54. R8c7 Rd6 55. Rxa7 Bc4 56. Rac7 Ke6 57. a4 Be2 58. axb5 Bxb5 59. Rxb5 Nxb5
60. Rc5 Nd4 61. Bf1 Nf3+ 62. Kg2 Ne5 63. Rc2 1/2-1/2

[Event "AUT9798"]
[Site "Eichgraben"]
[Date "1997.??.??"]
[Round "4"]
[White "Atlas, V."]
[Black "Popovic, P."]
[Result "1-0"]
[WhiteElo "2445"]
[BlackElo "2515"]
[PlyCount "59"]
[EventDate "1997.11.09"]

1. e4 c5 2. Nf3 d6 3. d4 cxd4 4. Nxd4 Nf6 5. Nc3 Nc6 6. g3 g6 7. Nde2 Bg7 8.
Bg2 O-O 9. O-O Rb8 10. a4 a6 11. Nd5 Nd7 12. c3 Re8 13. Nd4 e6 14. Ne3 Qc7 15.
b3 Nf6 16. Bb2 d5 17. exd5 exd5 18. Nxd5 Nxd5 19. Bxd5 Bh3 20. Re1 Rxe1+ 21.
Qxe1 Nxd4 22. cxd4 Rd8 23. Rc1 Qb6 24. a5 Qb5 25. Bc4 Qd7 26. Rd1 Bf6 27. Qe3
Re8 28. Qf3 Kg7 29. Qd5 Qe7 30. Bc3 1-0

[Event "AUT9798"]
[Site "Eichgraben"]
[Date "1997.??.??"]
[Round "4"]
[White "Herzog, A."]
[Black "Mohr, S."]
[Result "1-0"]
[WhiteElo "2425"]
[BlackElo "2400"]
[PlyCount "121"]
[EventDate "1997.11.09"]

1. Nc3 g6 2. e4 Bg7 3. Bc4 d6 4. f4 Nf6 5. d3 O-O 6. Nf3 c5 7. O-O Bg4 8. Qe1
Bxf3 9. Rxf3 Nc6 10. Rh3 e6 11. Qh4 Nh5 12. Qg4 Nf6 13. Qh4 Nh5 14. Qf2 Nd4 15.
g4 Nf6 16. g5 Nd7 17. Nd1 b5 18. Bb3 c4 19. c3 Nxb3 20. axb3 Nc5 21. f5 exf5
22. bxc4 Nb3 23. Qh4 h5 24. Rb1 fxe4 25. d4 bxc4 26. Ne3 d5 27. Ng2 Qd7 28. Rg3
Nxc1 29. Rxc1 Rab8 30. Rf1 Rb6 31. Nf4 Rfb8 32. Nxh5 gxh5 33. Qxh5 Rg6 34. Rf6
Rb6 35. Rf4 Rxb2 36. Rh3 Rbb6 37. Qh7+ Kf8 38. Rg3 Qb7 39. h4 Rb1+ 40. Kh2 Rb2+
41. Kh3 Ra6 42. Qf5 Kg8 43. h5 Raa2 44. g6 Rh2+ 45. Kg4 Ra6 46. gxf7+ Kf8 47.
Qh7 Qd7+ 48. Rf5 Rf6 49. Qg8+ Ke7 50. f8=Q+ Bxf8 51. Qh7+ Ke8 52. Qxd7+ Kxd7
53. Rxf6 Be7 54. Rh6 a5 55. Rh7 a4 56. Kf5 a3 57. Rgg7 a2 58. Rxe7+ Kc6 59.
Rh6+ Kb5 60. Rb7+ Ka4 61. Ra6# 1-0

[Event "AUT9798"]
[Site "Eichgraben"]
[Date "1997.??.??"]
[Round "4"]
[White "Thoma, R."]
[Black "Mahdy, K."]
[Result "1/2-1/2"]
[WhiteElo "2260"]
[BlackElo "2380"]
[PlyCount "39"]
[EventDate "1997.11.09"]

1. c4 g6 2. Nc3 Bg7 3. g3 c5 4. Bg2 Nc6 5. a3 Nf6 6. Rb1 a5 7. d3 O-O 8. e4 d6
9. Nge2 Ne8 10. O-O Nc7 11. h3 Rb8 12. Be3 b5 13. cxb5 Nxb5 14. Nxb5 Rxb5 15.
d4 cxd4 16. Nxd4 Nxd4 17. Bxd4 Bxd4 18. Qxd4 Be6 19. b4 axb4 20. Rxb4 1/2-1/2

[Event "AUT9798"]
[Site "Eichgraben"]
[Date "1997.??.??"]
[Round "4"]
[White "Feistenauer, F."]
[Black "Sommerbauer, N."]
[Result "0-1"]
[WhiteElo "2265"]
[BlackElo "2370"]
[PlyCount "70"]
[EventDate "1997.11.09"]

1. Nc3 c5 2. e4 e6 3. f4 d5 4. d3 Nc6 5. Nf3 Nf6 6. e5 Nd7 7. g3 b5 8. Bh3 b4
9. Ne2 Bb7 10. O-O Be7 11. c3 O-O 12. Be3 Nb6 13. Qd2 a5 14. Rac1 a4 15. Bf2 a3
16. b3 bxc3 17. Nxc3 Nb4 18. d4 Nd7 19. f5 exf5 20. Bxf5 cxd4 21. Bxd4 Nc5 22.
Qe3 Ne6 23. Bxe6 fxe6 24. Kg2 Qe8 25. Rfd1 Qh5 26. Ne2 Rac8 27. Nf4 Qf5 28.
Rxc8 Rxc8 29. Rc1 Nxa2 30. Rxc8+ Bxc8 31. b4 Qc2+ 32. Kh3 Bxb4 33. g4 Qe4 34.
Qxe4 dxe4 35. Ng5 Nc3 0-1

[Event "AUT9798"]
[Site "Eichgraben"]
[Date "1997.11.08"]
[Round "4"]
[White "Stajcic, N."]
[Black "Hoelzl, F."]
[Result "0-1"]
[WhiteElo "2315"]
[BlackElo "2420"]
[PlyCount "90"]
[EventDate "1997.11.09"]

1. d4 Nf6 2. c4 e6 3. Nf3 d5 4. g3 dxc4 5. Bg2 a6 6. O-O b5 7. Ne5 Nd5 8. a4
Bb7 9. axb5 axb5 10. Rxa8 Bxa8 11. e4 Nf6 12. Nc3 c6 13. Bg5 Be7 14. Qa1 Bb7
15. Qa7 Qc8 16. d5 O-O 17. dxe6 fxe6 18. Bh3 Na6 19. Be3 Bd6 20. Nf3 Re8 21. e5
Bb8 22. Qd4 Nd7 23. Rd1 Nf8 24. Qg4 c5 25. Ne4 Bxe4 26. Qxe4 Nb4 27. Rd2 h6 28.
Nh4 Qc6 29. Qxc6 Nxc6 30. Bxc5 Nxe5 31. f4 Nd3 32. Bxf8 Kxf8 33. Bf1 Nc5 34.
Bg2 Rc8 35. Nf3 b4 36. Rc2 Na4 37. Nd2 c3 38. bxc3 bxc3 39. Ne4 e5 40. fxe5
Bxe5 41. Kf1 Ke7 42. Ke2 Nb2 43. Nf2 Bd4 44. Nd3 Kd6 45. Be4 Re8 0-1

[Event "AUT9798"]
[Site "Eichgraben"]
[Date "1997.11.08"]
[Round "4"]
[White "Horvath, J."]
[Black "Fahrner, K."]
[Result "1-0"]
[WhiteElo "2530"]
[BlackElo "2305"]
[PlyCount "59"]
[EventDate "1997.11.09"]

1. d4 e6 2. g3 f5 3. Bg2 Nf6 4. c4 Be7 5. Nh3 O-O 6. O-O d6 7. b3 Qe8 8. Nc3
Nc6 9. d5 Nd8 10. Nb5 Qd7 11. dxe6 Nxe6 12. Nf4 Nc5 13. b4 Nce4 14. Nd4 a5 15.
b5 Nc5 16. Ba3 Re8 17. Qc2 Nfe4 18. Rad1 Bf8 19. Nd5 Rb8 20. f3 Ng5 21. Qd2 Nf7
22. Qxa5 c6 23. Nf4 Ne5 24. Qa7 Nxc4 25. Bxc5 dxc5 26. Nxc6 Qf7 27. Nxb8 Ne3
28. h4 Qc4 29. Qa3 Be6 30. Qxe3 1-0

[Event "AUT9798"]
[Site "Eichgraben"]
[Date "1997.11.08"]
[Round "4"]
[White "Ebner, H."]
[Black "Titz, H."]
[Result "1/2-1/2"]
[WhiteElo "2260"]
[BlackElo "2260"]
[PlyCount "98"]
[EventDate "1997.11.09"]

1. Nf3 c5 2. c4 Nc6 3. Nc3 g6 4. e3 Nf6 5. d4 cxd4 6. Nxd4 Bg7 7. Be2 O-O 8.
O-O d6 9. b3 Bd7 10. Bb2 Qa5 11. Qd2 Rfc8 12. Rfd1 a6 13. Bf3 Rab8 14. a3 b5
15. b4 Qb6 16. Nxc6 Bxc6 17. Nd5 Nxd5 18. cxd5 Bd7 19. Rac1 Rxc1 20. Rxc1 Bxb2
21. Qxb2 Rc8 22. Rxc8+ Bxc8 23. Qc3 Bd7 24. h4 h5 25. Bd1 Qb7 26. Bb3 Qc8 27.
Qxc8+ Bxc8 28. Kh2 Kg7 29. Kg3 Kf6 30. Kf4 e5+ 31. dxe6 fxe6 32. e4 e5+ 33. Ke3
Be6 34. Bd1 g5 35. g3 Kg6 36. f4 gxh4 37. gxh4 Bf7 38. Be2 Kf6 39. Bf1 Be6 40.
Be2 Bf7 41. Bf3 Ke7 42. Bd1 Kf6 43. a4 Be8 44. a5 Ke7 45. Bb3 Bf7 46. Bd1 Kf6
47. Be2 Be8 48. Bf1 Bd7 49. Bg2 Be6 1/2-1/2

[Event "AUT9798"]
[Site "Eichgraben"]
[Date "1997.??.??"]
[Round "4"]
[White "Steflitsch, E."]
[Black "Loebler, H."]
[Result "0-1"]
[WhiteElo "2275"]
[BlackElo "2220"]
[PlyCount "100"]
[EventDate "1997.11.09"]

1. e4 c5 2. Nf3 Nc6 3. d4 cxd4 4. Nxd4 Nf6 5. Nc3 d6 6. Bg5 e6 7. Qd2 a6 8.
O-O-O h6 9. Be3 Bd7 10. f3 b5 11. g4 Qc7 12. Rg1 Ne5 13. h4 g6 14. g5 hxg5 15.
hxg5 Nh5 16. f4 Nc4 17. Bxc4 Qxc4 18. Kb1 O-O-O 19. f5 gxf5 20. exf5 b4 21. Qg2
d5 22. fxe6 fxe6 23. Na4 Bxa4 24. b3 Qc5 25. Nxe6 Qxe3 26. Nxd8 Nf4 27. Qd2
Qxd2 28. Rxd2 Be8 29. g6 Bc5 30. g7 Rg8 31. Rg4 Be3 32. Rh2 Kxd8 33. Rh8 Bf7
34. Rg5 Kd7 35. Rxg8 Bxg8 36. Rf5 Ng6 37. Rf6 Ne7 38. Rxa6 Bd4 39. Ra5 Bc3 40.
Ra7+ Ke6 41. Rb7 Nf5 42. Rb8 Ne7 43. Rb7 Bh7 44. Rb6+ Kf7 45. Rb7 Ke6 46. Rb6+
Kd7 47. Rb7+ Kd6 48. Rb8 Ke5 49. Rb6 Nf5 50. Rb7 Kd6 0-1

[Event "AUT9798"]
[Site "Eichgraben"]
[Date "1997.??.??"]
[Round "4"]
[White "Petschar, K."]
[Black "Spindelboeck, G."]
[Result "0-1"]
[WhiteElo "2260"]
[BlackElo "2190"]
[PlyCount "50"]
[EventDate "1997.11.09"]

1. e4 e6 2. d4 d5 3. e5 c5 4. Nf3 cxd4 5. Bd3 Nc6 6. O-O Nge7 7. Re1 Ng6 8. a3
Qc7 9. Qe2 Be7 10. g3 O-O 11. h4 f6 12. Bxg6 hxg6 13. Bf4 Qb6 14. b4 Bd7 15.
Nbd2 Rf7 16. Qd3 Raf8 17. exf6 Bxf6 18. b5 e5 19. bxc6 Bf5 20. Qb3 exf4 21.
Qxb6 axb6 22. cxb7 fxg3 23. fxg3 Bxc2 24. Ne5 Rxb7 25. Ndf3 d3 0-1